| 000 | 00548 a2200169 4500 | ||
|---|---|---|---|
| 000 | BKB | ||
| 001 | 066019 | ||
| 005 | 20200902145619.0 | ||
| 008 | |||
| 082 |
_a791.43616 _bG51G |
||
| 100 | 1 | _aGlover, David | |
| 245 | 1 |
_aGenders _cby David Glover and Cora Kalplan |
|
| 260 |
_aLondon _bRoutledge _c2007 |
||
| 300 | _a177p. | ||
| 690 | _aSex role; Sociology; Sex; Criticism; Feminism; Sex role in literature; Gender identity in literature; Sex differences (Psychology) | ||
| 700 |
_aKalplan, Cora _b _c |
||
| 999 |
_c228 _d228 |
||